Statistics for Teen Wolf Characters

Click here to take the quiz!

General Stats

  • This quiz has been taken 2,706 times
  • The average score is 19 of 28

Answer Stats

Characters!! % Correct
Scott McCall
99%
Stiles Stilinski
99%
Lydia Martin
97%
Allison Argent
97%
Derek Hale
96%
Peter Hale
90%
Malia Tate
86%
Jackson Whittemore
84%
Liam Dunbar
83%
Melissa McCall
82%
Kira Yukimura
81%
Aiden
74%
Ethan
74%
Isaac Lahey
73%
Chris Argent
73%
Kate Argent
70%
Sheriff Stilinski
66%
Vernon Boyd
65%
Erica Reyes
64%
Mason
55%
Danny Mahealani
52%
Dr. Alan Deaton
48%
Deputy Jordan Parrish
47%
Coach Bobby Finstock
40%
Victoria Argent
27%
Braeden
20%
Marin Morrell
9%
Garrett
4%

Score Distribution

Percentile by Number Answered

Percent of People with Each Score

Your Score History

You have not taken this quiz